| 000 | 00604nam a2200229 i 4500 | ||
|---|---|---|---|
| 001 | 3706328 | ||
| 005 | 20180130033945.0 | ||
| 008 | 790809s1979 enk b 001 0 eng | ||
| 010 | _a 79313800 | ||
| 015 | _aGB*** | ||
| 020 |
_a0714631086 : _c£9.50 |
||
| 040 |
_aDLC _cDLC _dDLC |
||
| 041 | _aeng | ||
| 080 | _a330.1543 ren | ||
| 082 | 0 | 0 | _a330.1543 ren |
| 100 | 1 | _a52 | |
| 101 | _aeco | ||
| 245 | 1 | 4 |
_aThe economics of Vilfredo Pareto / _cR. Cirillo ; preface by F. Oulès. |
| 504 | _aBibliography: p. 134-144. | ||
| 906 |
_a7 _bcbc _corignew _d3 _encip _f19 _gy-gencatlg |
||
| 942 |
_2ddc _cBK |
||
| 999 |
_c41221 _d41221 |
||